Horticulture technology : protection and preservation / (Record no. 11191)
[ view plain ]
| 000 -LEADER | |
|---|---|
| fixed length control field | 00482cam a2200181ua 4500 |
| 003 - CONTROL NUMBER IDENTIFIER | |
| control field | OSt |
| 008 - FIXED-LENGTH DATA ELEMENTS--GENERAL INFORMATION | |
| fixed length control field | 240215b |||||||| |||| 00| 0 eng d |
| 020 ## - INTERNATIONAL STANDARD BOOK NUMBER | |
| ISBN | 81-7629-243-5 |
| 041 ## - LANGUAGE CODE | |
| Language code of text/sound track or separate title | eng |
| 082 ## - DEWEY DECIMAL CLASSIFICATION NUMBER | |
| Classification number | 635.01 |
| Item number | SHA/HO |
| 100 ## - MAIN ENTRY--AUTHOR NAME | |
| Personal name | Sharma, V k . |
| 245 ## - TITLE STATEMENT | |
| Title | Horticulture technology : protection and preservation / |
| 260 ## - PUBLICATION, DISTRIBUTION, ETC. (IMPRINT) | |
| Place of publication | Newdelhi : |
| Name of publisher | Deep and deep publications , |
| Year of publication | 2000. |
| 300 ## - PHYSICAL DESCRIPTION | |
| Number of Pages | 443 ; . |
| 500 ## - GENERAL NOTE | |
| General note | Vol. 2 |
| 700 1# - ADDED ENTRY--PERSONAL NAME | |
| Personal name | Azad, K C . |
| 942 ## - ADDED ENTRY ELEMENTS (KOHA) | |
| Koha item type | Books |
| Withdrawn status | Lost status | Damaged status | Home library | Current library | Date acquired | Full call number | Accession Number | Koha item type |
|---|---|---|---|---|---|---|---|---|
| KAUAET | KAUAET | 07/04/2012 | 635.01 SHA/HO | 20810 | Books |
